000 00743nam a22001817a 4500
003 UA-OsUOA
001 19832
007 ta
008 20040928b un ||||| |||| 00| 0 ukr d
100 _aФедорусь А.
942 _cSA
040 _aUA-OsUOA
_cUA-OsUOA
_dUA-OsUOA
245 _a"Слов'янська перемога" Юрка Михалюка
_b[Грамоту від Укр. Федерації Го отримав першокласник ЗОШ №12 м. Рівного Юра Михалюк на турнірі серії Гран Прі України 2004 р. у Києві]
300 _aС.12
955 _a0
773 0 _w0
_tВільне слово
_dРівне
_d2004
_g№72/24 верес./
650 7 _aГо
_2UDC
999 _c306005
_d306005